000 00684nam a2200265Ia 4500
005 20260121165459.0
008 008 260114s9999 xx 000 0 eng d
020 _a9783319287065
037 _aEBOOK
040 _aCRL
040 _beng
040 _cCRL
041 _2eng
041 _aeng
084 _qCRL
100 _aMathew Kurian, Reza Ardakanian, Linda Gonçalves Veiga, Kristin Meyer
_91052239
245 0 _aResources, Services and Risks
260 _bSpringer
260 _bSpringer
260 _c2016
856 _uhttps://link.springer.com/openurl?genre=book&isbn=978-3-319-28706-5
942 _cEBOOK
999 _c1617964
_d1617964